The Best Short Stories of 1921 and the Yearbook of the American Short Story (Record no. 247964)
[ view plain ]
| 000 -LEADER | |
|---|---|
| fixed length control field | 02520cam a22004933a 4500 |
| 001 - CONTROL NUMBER | |
| control field | 18709 |
| 003 - CONTROL NUMBER IDENTIFIER | |
| control field | PGUSA |
| 005 - DATE AND TIME OF LATEST TRANSACTION | |
| control field | 20140828083410.0 |
| 008 - FIXED-LENGTH DATA ELEMENTS--GENERAL INFORMATION | |
| fixed length control field | 060628s2006||||xxu|||||s|||||000 1 eng d |
| 040 ## - CATALOGING SOURCE | |
| Original cataloging agency | PGUSA |
| Language of cataloging | eng |
| 042 ## - AUTHENTICATION CODE | |
| Authentication code | dc |
| 050 #4 - LIBRARY OF CONGRESS CALL NUMBER | |
| Classification number | PS |
| 245 14 - TITLE STATEMENT | |
| Title | The Best Short Stories of 1921 and the Yearbook of the American Short Story |
| Medium | [electronic resource] |
| 260 ## - PUBLICATION, DISTRIBUTION, ETC. (IMPRINT) | |
| Name of publisher, distributor, etc | Project Gutenberg, |
| Date of publication, distribution, etc | 2006 |
| 505 0# - FORMATTED CONTENTS NOTE | |
| Formatted contents note | Brothers / Sherwood Anderson -- Fanutza / Konrad Bercovici -- Experiment / Maxwell Struthers Burt -- Darkness / Irvin S. Cobb -- An instrument of the gods / Lincoln Colcord -- The lizard god / Charles J. Finger -- Under the dome / Waldo Frank -- French Eva / Katherine Fullerton Gerould -- The past / Ellen Glasgow -- His smile / Susan Glaspell -- The harbor master / Richard Matthews Hallet -- Green gardens / Frances Noyes Hart -- She walks in beauty / Fannie Hurst -- The little master of the sky / Manuel Komroff -- The man with the good face / Frank Luther Mott -- Master of fallen years / Vincent O'Sullivan -- The shame dance / Wilbur Daniel Steele -- Kindred / Harriet Maxon Thayer -- Shelby / Charles Hanson Towne -- The wallow of the sea / Mary Heaton Vorse. |
| 506 ## - RESTRICTIONS ON ACCESS NOTE | |
| Terms governing access | Public domain in the USA. |
| 516 ## - TYPE OF COMPUTER FILE OR DATA NOTE | |
| Type of computer file or data note | Electronic text |
| 653 ## - INDEX TERM--UNCONTROLLED | |
| Uncontrolled term | American fiction -- 20th century |
| 653 ## - INDEX TERM--UNCONTROLLED | |
| Uncontrolled term | Short stories, American |
| 700 1# - ADDED ENTRY--PERSONAL NAME | |
| Personal name | Glaspell, Susan, |
| Dates associated with a name | 1876-1948 |
| 700 1# - ADDED ENTRY--PERSONAL NAME | |
| Personal name | Cobb, Irvin S. |
| Fuller form of name | (Irvin Shrewsbury), |
| Dates associated with a name | 1876-1944 |
| 700 1# - ADDED ENTRY--PERSONAL NAME | |
| Personal name | Frank, Waldo, |
| Dates associated with a name | 1889-1967 |
| 700 1# - ADDED ENTRY--PERSONAL NAME | |
| Personal name | Colcord, Lincoln Ross, |
| Dates associated with a name | 1883-1947 |
| 700 1# - ADDED ENTRY--PERSONAL NAME | |
| Personal name | Towne, Charles Hanson, |
| Dates associated with a name | 1877-1949 |
| 700 1# - ADDED ENTRY--PERSONAL NAME | |
| Personal name | Anderson, Sherwood, |
| Dates associated with a name | 1876-1941 |
| 700 1# - ADDED ENTRY--PERSONAL NAME | |
| Personal name | O'Sullivan, Vincent, |
| Dates associated with a name | 1872-1940 |
| 700 1# - ADDED ENTRY--PERSONAL NAME | |
| Personal name | Steele, Wilbur Daniel, |
| Dates associated with a name | 1886-1970 |
| 700 1# - ADDED ENTRY--PERSONAL NAME | |
| Personal name | Hurst, Fannie, |
| Dates associated with a name | 1889-1968 |
| 700 1# - ADDED ENTRY--PERSONAL NAME | |
| Personal name | Bercovici, Konrad, |
| Dates associated with a name | 1881-1961 |
| 700 1# - ADDED ENTRY--PERSONAL NAME | |
| Personal name | Thayer, Harriet Maxon, |
| Dates associated with a name | 1889- |
| 700 1# - ADDED ENTRY--PERSONAL NAME | |
| Personal name | Finger, Charles J. |
| Fuller form of name | (Charles Joseph), |
| Dates associated with a name | 1869-1941 |
| 700 1# - ADDED ENTRY--PERSONAL NAME | |
| Personal name | Vorse, Mary Heaton, |
| Dates associated with a name | 1874-1966 |
| 700 1# - ADDED ENTRY--PERSONAL NAME | |
| Personal name | Komroff, Manuel, |
| Dates associated with a name | 1890-1974 |
| 700 1# - ADDED ENTRY--PERSONAL NAME | |
| Personal name | Burt, Maxwell Struthers, |
| Dates associated with a name | 1882-1954 |
| 700 1# - ADDED ENTRY--PERSONAL NAME | |
| Personal name | Glasgow, Ellen Anderson Gholson, |
| Dates associated with a name | 1873-1945 |
| 700 1# - ADDED ENTRY--PERSONAL NAME | |
| Personal name | Hallet, Richard Matthews, |
| Dates associated with a name | 1887-1967 |
| 700 1# - ADDED ENTRY--PERSONAL NAME | |
| Personal name | Hart, Frances Noyes, |
| Dates associated with a name | 1890-1943 |
| 700 1# - ADDED ENTRY--PERSONAL NAME | |
| Personal name | O'Brien, Edward Joseph Harrington, |
| Dates associated with a name | 1890-1941 |
| 700 1# - ADDED ENTRY--PERSONAL NAME | |
| Personal name | Gerould, Katharine Fullerton, |
| Dates associated with a name | 1879-1944 |
| 700 1# - ADDED ENTRY--PERSONAL NAME | |
| Personal name | Mott, Frank Luther, |
| Dates associated with a name | 1886-1964 |
| 830 #0 - SERIES ADDED ENTRY--UNIFORM TITLE | |
| Uniform title | Project Gutenberg |
| Volume number/sequential designation | 18709 |
| 856 40 - ELECTRONIC LOCATION AND ACCESS | |
| Uniform Resource Identifier | <a href="http://www.gutenberg.org/ebooks/18709">http://www.gutenberg.org/ebooks/18709</a> |
| 942 ## - ADDED ENTRY ELEMENTS (KOHA) | |
| Koha item type | eBooks |
| Withdrawn status | Lost status | Damaged status | Home library | Current library | Date acquired | Total Checkouts | Date last seen | Price effective from | Koha item type |
|---|---|---|---|---|---|---|---|---|---|
| Project Gutenberg | Project Gutenberg | 08/28/2014 | 08/28/2014 | 08/28/2014 | eBooks |